000 00492nam a2200181Ia 4500
005 20250508153156.0
008 008 250505s9999 xx 000 0 eng d
037 _aTextual
040 _aFEDL
_beng
_cFEDL
041 _aeng
_2eng
084 _a080, PUT
_qFEDL
100 _aPutt S Gorley
245 0 _aScholars of the heart: Essays in criticism
260 _aLondon, UK
_bFaber and Faber
_c1962
300 _a238p.
942 _cTEXL
_h080, PUT
999 _c1341049
_d1341049